| 000 | 00978nas a2200301 4500 | ||
|---|---|---|---|
| 001 | BR0600464 | ||
| 003 | BR-BrBNA | ||
| 005 | 20231205105816.0 | ||
| 007 | ta | ||
| 008 | 230509b bl.|||p| |||| 00| 00por d | ||
| 040 |
_aBR-BrBNA _bpor _cBiblioteca Nacional de Agricultura |
||
| 041 | _a(Pt) | ||
| 072 | _aE50; F60 | ||
| 100 | 1 | _aBarreiro, A.P. | |
| 100 | 1 | _aDelachiave, M.E.A. | |
| 100 | 1 | _aSouza, F.S. | |
| 245 | 1 | _aEfeito alelopático de extratos de parte aérea de barbatimão (Stryphnodendron adstringens (Mart.)Coville)na germinação e desenvolvimento da plântula de pepino | |
| 650 | _aBARBATIMÃO | ||
| 650 | _aPLANTA PRODUTORA DE DROGA | ||
| 650 | _aEXTRATO | ||
| 650 | _aALELOPATIA | ||
| 650 | _aSEMENTE | ||
| 650 | _aGERMINAÇÃO | ||
| 650 | _aSÃO PAULO | ||
| 773 | 0 |
_tRevista Brasileira de Plantas Medicinais (Brazil) _xISSN 1516-0572 _g(Oct 2005), v. 8(1) p. 4-8 _wBR0600464 |
|
| 909 |
_a202311 _bLúcia _c55 _dLúcia Elande |
||
| 942 |
_2AGRIS _n0 _cANA |
||
| 999 |
_c184783 _d184783 |
||